| 000 | 00905cam a2200217 4500 | ||
|---|---|---|---|
| 001 | WB3746-19 | ||
| 008 | 011204n2001 000 0 eng u | ||
| 035 | _a(Sirsi) u115843 | ||
| 245 | _aRent cap provokes London bias claims | ||
| 260 | _c2001 | ||
| 490 |
_aHousing Today _v(262) 29 November 2001, 1(2) |
||
| 520 | _aHousing Minister Lord Falconer announces a £100 rent cap concession on social rents for London. This will benefit approximately 15,000 tenants. National Housing Federation welcomed the limit as providing stability but other organisations such as the Chartered Institute of Housing warned the policy could have undesirable effects outside the capital. | ||
| 590 | _aWB | ||
| 650 | _aRENT CAPPING | ||
| 650 | _aRENT REFORM | ||
| 650 | _aNATIONAL HOUSING FEDERATION | ||
| 650 | _aCIH | ||
| 650 | _aORBIT HOUSING ASSOCIATION | ||
| 690 |
_aAffordable housing _96215 |
||
| 942 | _n0 | ||
| 999 |
_c69009 _d69009 |
||